What is that famous animal? - Statistics

General Stats
  • This quiz has been taken 26 times
  • The average score is 7 of 15
Answer Stats
Question Answer % Correct
What is Kermit?
75%
What is Simba?
75%
What is Tigger?
75%
What is Sebastian?
75%
What is Pluto?
50%
What is Thumper?
50%
What is Toothless
50%
What is Peppa?
50%
What is Barney?
50%
What is Winnie the Pooh?
50%
What is Kaa?
50%
What is Stitch?
25%
What is Sven?
25%
What is Boots?
25%
What is Berlioz?
0%
No matching quizzes found
Score Distribution
Percent of People with Each Score
Percentile by Number Answered
Your Score History
You have not taken this quiz